The treatment of alcoholism: theory, practice, and evaluation
| 1. VerfasserIn: | |
|---|---|
| Medienart: | Druck Buch |
| Sprache: | Englisch |
| Veröffentlicht: |
Toronto, Canada
Addiction Research Foundation of Ontario
1978
|
| In: |
ARF books program report series (1)
Jahr: 1978 |
| Ausgabe: | 2. ed., 2. print. |
| Bestand in Tübingen: | In Tübingen vorhanden. UB: KB 2 E 297 |
| Verfügbarkeit prüfen: | HBZ Gateway |
| Subito Bestelldienst: | Jetzt bestellen. |
MARC
| LEADER | 00000cam a22000002c 4500 | ||
|---|---|---|---|
| 001 | 1096498537 | ||
| 003 | DE-627 | ||
| 005 | 20251224220712.0 | ||
| 007 | tu | ||
| 008 | 911127s1978 xx ||||| 00| ||eng c | ||
| 035 | |a (DE-627)1096498537 | ||
| 035 | |a (DE-576)026498537 | ||
| 035 | |a (DE-599)BSZ026498537 | ||
| 035 | |a (OCoLC)02503428 | ||
| 040 | |a DE-627 |b ger |c DE-627 |e rakwb | ||
| 041 | |a eng | ||
| 082 | 0 | |a 616.8/61/06 | |
| 100 | 1 | |a Larkin, E. J. |4 aut | |
| 245 | 1 | 4 | |a The treatment of alcoholism |b theory, practice, and evaluation |c E. J. Larkin |
| 250 | |a 2. ed., 2. print. | ||
| 264 | 1 | |a Toronto, Canada |b Addiction Research Foundation of Ontario |c 1978 | |
| 300 | |a XII, 101 S. | ||
| 336 | |a Text |b txt |2 rdacontent | ||
| 337 | |a ohne Hilfsmittel zu benutzen |b n |2 rdamedia | ||
| 338 | |a Band |b nc |2 rdacarrier | ||
| 490 | 1 | |a ARF books program report series |v 1 | |
| 583 | 1 | |a Archivierung prüfen |c 20200919 |f DE-640 |z 1 |2 pdager | |
| 810 | 2 | |a Alcoholism and Drug Addiction Research Foundation of Ontario |t ARF books program report series |v 1 |9 1 |w (DE-627)1093484241 |w (DE-576)023484241 |7 am | |
| 951 | |a BO | ||
| ELC | |b 1 | ||
| LOK | |0 000 xxxxxcx a22 zn 4500 | ||
| LOK | |0 001 2176188926 | ||
| LOK | |0 003 DE-627 | ||
| LOK | |0 004 1096498537 | ||
| LOK | |0 005 20020606000000 | ||
| LOK | |0 008 911127||||||||||||||||ger||||||| | ||
| LOK | |0 040 |a DE-21 |c DE-627 |d DE-21 | ||
| LOK | |0 852 |a DE-21 | ||
| LOK | |0 852 1 |c KB 2 E 297 |9 00 | ||
| LOK | |0 935 |a krim | ||
| LOK | |0 936ln |a k9.6.5 | ||
| LOK | |0 939 |a 27-11-91 |b l01 | ||
| ORI | |a SA-MARC-krimdoka001.raw | ||
| SIG | |a UB: KB 2 E 297 | ||
